Manorama Year book 2014 (Record no. 336164)

MARC details
000 -LEADER
fixed length control field 00470nam a2200169Ia 4500
008 - FIXED-LENGTH DATA ELEMENTS--GENERAL INFORMATION
fixed length control field 230718s9999 xx 000 0 und d
020 ## - INTERNATIONAL STANDARD BOOK NUMBER
International Standard Book Number ISSN 0975-2250
041 ## - LANGUAGE CODE
Language code of text/sound track or separate title eng
082 ## - DEWEY DECIMAL CLASSIFICATION NUMBER
Classification number 954.001
Item number MAT
100 ## - MAIN ENTRY--PERSONAL NAME
Personal name Mathew M. (Editor)
9 (RLIN) 175742
245 ## - TITLE STATEMENT
Title Manorama Year book 2014
260 ## - PUBLICATION, DISTRIBUTION, ETC. (IMPRINT)
Date of publication, distribution, etc. 2014
Name of publisher, distributor, etc. Malayala Manorama
300 ## - PHYSICAL DESCRIPTION
Extent 1038
365 ## - TRADE PRICE
Currency code Rs.
Price amount 210.00
700 ## - ADDED ENTRY--PERSONAL NAME
Personal name Mathew M. (Editor)
9 (RLIN) 175742
906 ## - LOCAL DATA ELEMENT F, LDF (RLIN)
d O:0388322-May-2014B:558808-May-2014
c GENRL
b 46.2
Holdings
Withdrawn status Lost status Damaged status Not for loan Home library Current library Date acquired Vendor Budget Code Cost, normal purchase price Bill number Total Checkouts Full call number Barcode Date last seen Discount Cost, replacement price Bill Date Koha item type Original Barcode
        Cummins College of Engineering for Women Pune Cummins College of Engineering for Women Pune 22/05/2014 Technical Book Services GENRL 163.80 5588   954.001 CCEP-BK-47371 18/07/2023 46.2 210.00 08/05/2014 Books 047371